| 000 | 00763nam a2200265 a 4500 | ||
|---|---|---|---|
| 001 | 000026611 | ||
| 003 | DO-SdBNP | ||
| 005 | 20240513201349.0 | ||
| 007 | ta | ||
| 008 | 110324s1988 dr a r 000 0 spa d | ||
| 040 |
_aDO-SdBNP _bspa _cBNPHU |
||
| 082 | 4 |
_a301 _bC334h, 1988 _222 |
|
| 100 | 1 |
_aCasado M., Lucio _936878 |
|
| 245 | 1 | 0 |
_aHombre y sociedad / _cLucio Casado M. |
| 250 | _a5a. ed. | ||
| 260 |
_aSanto Domingo : _bDe Colores, _c1988. |
||
| 300 |
_a334 p. : _bil. ; _c21 cm. |
||
| 504 | _aBibliografía : p. 327-328 | ||
| 590 | _aInventariado, 2019/BT | ||
| 650 | 0 |
_aCambio social _91661 |
|
| 650 | 4 |
_aSociología educativa _953721 |
|
| 650 | 0 |
_aClases sociales _91062 |
|
| 910 | _aBtavárez/Validado. Control de calidad MFF | ||
| 942 |
_2ddc _cLBS1 |
||
| 999 |
_c26103 _d26103 |
||